[Event "Finland Team Ch"]
[Site "Hämeenlinna FIN"]
[Date "2017.10.21"]
[Round "2"]
[White "Lehtinen, Tero"]
[Black "Helenius, Martti"]
[Result "0-1"]
[Section "II Division:2"]
[Board "1"]
[WhiteTeam "Lauttasaaren Suomalainen Shakkikerho 2"]
[BlackTeam "Hämeenlinnan Shakkikerho"]
[WhiteElo "1880"]
[BlackElo "2239"]

1.e4 e5 2.Nf3 Nc6 3.Bb5 a6 4.Ba4 Nf6 5.O-O Nxe4 6.Re1 Nc5 7.Bxc6 dxc6 8.Rxe5+
Ne6 9.d4 Be7 10.Qe1 O-O 11.c3 Bf6 12.Re2 c5 13.dxc5 Nxc5 14.Be3 Ne6 15.Nbd2
Qd3 16.Nf1 b6 17.Qd2 Qc4 18.Bd4 Nxd4 19.cxd4 Rd8 20.Ne3 Qb5 21.a4 Qh5 22.Rae1
Bb7 23.d5 g6 24.Qc1 Rd7 25.h3 Qh6 26.Nh2 Qf8 27.Nhg4 Bg7 28.f4 Bxd5 29.Nxd5
Rxd5 30.Ne5 Qc5+ 31.Qxc5 Rxc5 32.b4 Rc3 33.Nd7 Bd4+ 34.Kh2 Rd8 35.Re8+ Rxe8
36.Rxe8+ Kg7 37.Nb8 a5 38.bxa5 bxa5 39.Re4 Rd3 40.Nc6 Bb6 41.Re7 Kf8 42.Rxf7+
Kxf7 43.Ne5+ Ke6 44.Nxd3 Kf5 45.Kg3 Ke4 46.Nb2 c5 47.Kg4 Kd4 48.f5 gxf5+
49.Kxf5 c4 0-1

[Event "Finland Team Ch"]
[Site "Hämeenlinna FIN"]
[Date "2017.10.21"]
[Round "2"]
[White "Joentakanen, Kullervo"]
[Black "Kumar, Ashwin"]
[Result "1-0"]
[Section "II Division:2"]
[Board "2"]
[WhiteTeam "Hämeenlinnan Shakkikerho"]
[BlackTeam "Lauttasaaren Suomalainen Shakkikerho 2"]
[WhiteElo "2142"]
[BlackElo "1879"]

1.d4 Nf6 2.c4 Nc6 3.Nf3 d6 4.d5 Ne5 5.Nxe5 dxe5 6.Nc3 e6 7.Bg5 Bc5 8.e3 O-O
9.Bd3 h6 10.Bh4 Bb4 11.Qb3 Bxc3+ 12.Qxc3 exd5 13.Qxe5 Ng4 14.Qh5 g5 15.Bg3
dxc4 16.Bxc4 Kg7 17.O-O Qe7 18.h3 Ne5 19.Bb3 Bf5 20.e4 Bg6 21.Qe2 Nc6 22.Rfe1
Nd4 23.Qc4 Nxb3 24.Qxb3 b6 25.Qc3+ f6 26.e5 f5 27.e6+ Kg8 28.Bxc7 Rac8 29.Rac1
f4 30.Qe5 Rfe8 31.Rc3 Qg7 32.Qxg7+ Kxg7 33.Be5+ Kf8 34.Bd6+ Kg7 35.e7 Rxc3
36.bxc3 Bf7 37.h4 Kf6 38.hxg5+ hxg5 39.a3 Bd5 40.f3 a6 41.Kf2 Bc4 42.g3 fxg3+
43.Kxg3 Be6 44.Kf2 Bd5 45.Bc7 b5 46.Bd8 Bc6 47.Re3 Bd7 48.Ke2 Bf5 49.Kd2 Kf7
50.Re5 Kf6 51.Rc5 Bd7 52.Rd5 Bc8 53.Ke3 Kg6 54.Rd6+ Kf7 55.Rc6 Bb7 56.Rc7 Bd5
57.Ra7 Rg8 58.Rxa6 Be6 59.Rb6 Bd7 60.Rf6+ Ke8 61.Kd4 g4 62.fxg4 Rxg4+ 63.Ke5
Rg8 64.Kd6 Bg4 65.Ba5 Be2 66.Bb4 Bc4 67.Kc6 Bf7 68.Kxb5 Rg5+ 69.Kb6 Re5 70.a4
Bc4 71.Rf8+ Kd7 72.Rd8+ 1-0

[Event "Finland Team Ch"]
[Site "Hämeenlinna FIN"]
[Date "2017.10.21"]
[Round "2"]
[White "Kauppinen, Jyrki"]
[Black "Kivi, Jouni"]
[Result "1/2-1/2"]
[Section "II Division:2"]
[Board "3"]
[WhiteTeam "Lauttasaaren Suomalainen Shakkikerho 2"]
[BlackTeam "Hämeenlinnan Shakkikerho"]
[WhiteElo "1877"]
[BlackElo "2025"]

1.d4 Nf6 2.c4 e6 3.g3 d5 4.cxd5 exd5 5.Bg2 c6 6.Nf3 Be7 7.O-O Bf5 8.Qb3 Qb6
9.Qxb6 axb6 10.Bg5 h6 11.Bxf6 Bxf6 12.Nc3 Nd7 13.a3 O-O 14.e3 b5 15.Rfc1 Nb6
16.Bf1 Ra7 17.Ne1 Rfa8 18.Bd3 Bxd3 19.Nxd3 Nc4 20.Rc2 Be7 21.Re1 1/2-1/2

[Event "Finland Team Ch"]
[Site "Hämeenlinna FIN"]
[Date "2017.10.21"]
[Round "2"]
[White "Vähäuski, Toni"]
[Black "Kokko, Esa"]
[Result "0-1"]
[Section "II Division:2"]
[Board "4"]
[WhiteTeam "Hämeenlinnan Shakkikerho"]
[BlackTeam "Lauttasaaren Suomalainen Shakkikerho 2"]
[WhiteElo "2005"]
[BlackElo "1839"]

1.e4 d6 2.Bb5+ Bd7 3.a4 Nf6 4.Nc3 g6 5.d4 e5 6.d5 Bg7 7.h3 O-O 8.Bg5 Bxb5
9.axb5 Nbd7 10.Nge2 Qc8 11.O-O h6 12.Be3 Nh7 13.Qd2 h5 14.Ra3 Nb6 15.b3 f5
16.f3 f4 17.Bf2 g5 18.Qd3 g4 19.hxg4 hxg4 20.fxg4 Qxg4 21.Qh3 Qg6 22.Qe6+ Qxe6
23.dxe6 Ng5 24.e7 Rfe8 25.Rfa1 Kf7 26.Rxa7 Rab8 27.Kf1 Kxe7 28.Ng1 Ke6 29.Ke2
Nd7 30.Nf3 Bf6 31.Rh1 c6 32.b6 Rg8 33.Rh6 Nf7 34.Rh2 Bd8 35.Na4 c5 36.b4 cxb4
37.Kd3 d5 38.Nc5+ Nxc5+ 39.Bxc5 d4 40.Kc4 Rg7 41.Kxb4 Be7 42.Bxe7 Kxe7 43.Ra5
Kf6 44.Rc5 Rg6 45.Kc4 Rd8 46.Rc7 Nd6+ 47.Kd3 Ra8 48.Rhh7 Ra3+ 49.c3 Rxc3+
50.Rxc3 dxc3 51.Rd7 Ke6 52.Rc7 Rxg2 53.Rxc3 Rg3 54.Ke2 Nxe4 55.Rc7 Nd6 56.Kf2
Rg8 57.Rh7 e4 58.Nh4 Kd5 59.Rh6 Ra8 60.Ng2 Ra2+ 61.Kf1 f3 62.Ne1 Nc4 63.Rh5+
Kc6 64.Rh6+ Kb5 65.Rf6 Ne3+ 66.Kg1 Re2 67.Nxf3 exf3 68.Rxf3 Kxb6 69.Rf4 Kc5
70.Rf8 b5 71.Rc8+ Kd4 72.Rd8+ Nd5 73.Kf1 Rc2 74.Ke1 b4 75.Kd1 Rc6 76.Rh8 Ne3+
77.Kd2 Rc2+ 78.Ke1 Nd5 79.Kd1 Rc5 80.Kd2 b3 81.Rb8 Kc4 82.Kc1 Nb4 83.Rh8 Nd3+
84.Kd2 b2 85.Rh1 Nc1 86.Kc2 Rb5 87.Rh4+ Kc5 88.Kb1 Nd3 89.Rh1 Ra5 90.Kc2 Ra1
91.Rb1 Rxb1 92.Kxb1 Kb4 93.Ka2 Kc3 0-1

[Event "Finland Team Ch"]
[Site "Hämeenlinna FIN"]
[Date "2017.10.21"]
[Round "2"]
[White "Piippo, Mikko"]
[Black "Filen, Hannu"]
[Result "1-0"]
[Section "II Division:2"]
[Board "5"]
[WhiteTeam "Lauttasaaren Suomalainen Shakkikerho 2"]
[BlackTeam "Hämeenlinnan Shakkikerho"]
[WhiteElo "1822"]
[BlackElo "2017"]

1.d4 d5 2.Bf4 e6 3.e3 Bd6 4.Bxd6 cxd6 5.Nc3 Ne7 6.Nf3 O-O 7.Bd3 b6 8.Qe2 Nbc6
9.a3 e5 10.dxe5 dxe5 11.O-O-O f5 12.Bc4 Nd4 13.exd4 e4 14.Nxd5 Nxd5 15.Bxd5+
Qxd5 16.Ne5 b5 17.c4 bxc4 18.Qxc4 Bb7 19.Qxd5+ Bxd5 20.Kd2 Rfd8 21.Rc1 Rab8
22.b4 a5 23.bxa5 Rb2+ 24.Rc2 Rxc2+ 25.Kxc2 Rc8+ 26.Kd2 f4 27.Rb1 g5 28.Rb5 Ba8
29.g3 Rd8 30.gxf4 gxf4 31.Kc3 Bd5 32.a6 Kf8 33.a7 Ke7 34.Rxd5 Rxd5 35.a8=Q 1-0

[Event "Finland Team Ch"]
[Site "Helsinki FIN"]
[Date "2017.10.22"]
[Round "4"]
[White "Nouro, Mikael"]
[Black "Hurme, Harri"]
[Result "1-0"]
[Section "I Division:B"]
[Board "1"]
[WhiteTeam "Shakkikerho Garde"]
[BlackTeam "Lauttasaaren Suomalainen Shakkikerho"]
[WhiteElo "2295"]
[BlackElo "2266"]
[WhiteTitle "IM"]
[BlackTitle "FM"]

1.Nf3 Nf6 2.g3 g6 3.Bg2 Bg7 4.O-O O-O 5.d4 d5 6.Bf4 c6 7.h3 a5 8.a4 Na6 9.Qc1
Ne4 10.Bh6 Be6 11.Bxg7 Kxg7 12.Nbd2 Nxd2 13.Qxd2 f6 14.Rfe1 Nc7 15.e4 Qd7
16.Kh2 dxe4 17.Rxe4 Bd5 18.Re2 Rf7 19.Rae1 Re8 20.Qxa5 Bxf3 21.Bxf3 e5 22.dxe5
fxe5 23.Bg2 h5 24.Kg1 h4 25.Qc3 hxg3 26.fxg3 Kh7 27.Kh2 Nd5 28.Qd2 Rfe7 29.Re4
Nf6 30.Rh4+ Kg8 31.Qh6 Rg7 32.Rf1 g5 33.Rc4 Nd5 34.Re4 Re6 35.Qh5 Nf6 36.Qf3
g4 37.Qf5 Rh7 38.h4 Rhe7 39.Rf2 Qd8 40.Re3 e4 41.Qg5+ Rg7 42.Qc5 Qd6 43.Qxd6
Rxd6 44.Bxe4 Re7 45.Rfe2 Rd4 46.Bd5+ Nxd5 47.Rxe7 Nxe7 48.Rxe7 b6 49.Rb7 Rd2+
50.Kg1 Rxc2 51.Rxb6 Kf7 52.a5 Ke6 53.a6 Kd5 54.Rb3 1-0

[Event "Finland Team Ch"]
[Site "Helsinki FIN"]
[Date "2017.10.22"]
[Round "4"]
[White "Havansi, Erkki"]
[Black "Ristoja, Jan"]
[Result "0-1"]
[Section "I Division:B"]
[Board "2"]
[WhiteTeam "Lauttasaaren Suomalainen Shakkikerho"]
[BlackTeam "Shakkikerho Garde"]
[WhiteElo "2181"]
[BlackElo "2282"]
[BlackTitle "FM"]

1.Nf3 c5 2.c4 Nf6 3.d4 cxd4 4.Nxd4 Nc6 5.Nc3 d6 6.e4 g6 7.Nc2 Bg7 8.Be2 O-O
9.O-O Bd7 10.Bf4 Rc8 11.Qd2 Ne5 12.Ne3 Bc6 13.Ned5 Bxd5 14.cxd5 Nc4 15.Bxc4
Rxc4 16.f3 Qa5 17.Bh6 Rfc8 18.Bxg7 Kxg7 19.Kh1 b5 20.a3 Qb6 21.Qf2 Qxf2
22.Rxf2 a6 23.Re2 h5 24.g3 Nd7 25.f4 f6 26.Kg2 Kf7 27.Rf1 Ke8 28.Kh3 Kd8
29.Kg2 Kc7 30.h3 Kb6 31.g4 hxg4 32.hxg4 Rh8 33.Rf3 a5 34.b3 Rc7 35.a4 b4
36.Nb5 Rc1 37.Nd4 Rhh1 38.Nc6 Rcg1+ 39.Kf2 Rf1+ 40.Ke3 Rxf3+ 41.Kxf3 Rh3+
42.Kg2 Rxb3 43.Nxe7 g5 44.e5 gxf4 45.Nc8+ Kc7 46.exd6+ Kxc8 47.Re8+ Kb7 48.Re7
Kb6 49.Rxd7 Rd3 50.Rf7 Rxd5 51.Rxf6 Kc5 52.Rxf4 b3 53.d7 Rxd7 0-1

[Event "Finland Team Ch"]
[Site "Helsinki FIN"]
[Date "2017.10.22"]
[Round "4"]
[White "Ilmoni, Tommy"]
[Black "Saren, Ilkka"]
[Result "1/2-1/2"]
[Section "I Division:B"]
[Board "3"]
[WhiteTeam "Shakkikerho Garde"]
[BlackTeam "Lauttasaaren Suomalainen Shakkikerho"]
[WhiteElo "2067"]
[BlackElo "2071"]

1.d4 Nf6 2.Nf3 e6 3.c4 b6 4.Nc3 Bb7 5.Bg5 Be7 6.e3 d5 7.Qc2 Nbd7 8.cxd5 exd5
9.Bd3 O-O 10.O-O c5 11.Rfd1 a6 12.Ne5 c4 13.Bf5 h6 14.Bf4 b5 15.a3 Re8 16.g4
Nf8 17.Qe2 Ne4 18.Qf3 Nxc3 19.bxc3 f6 20.Ng6 Nxg6 21.Bxg6 Rf8 22.Qg3 Qb6
23.Bc7 Qc6 24.h4 Rac8 25.Bf4 Rcd8 26.Kg2 Bd6 1/2-1/2

[Event "Finland Team Ch"]
[Site "Helsinki FIN"]
[Date "2017.10.22"]
[Round "4"]
[White "Heikkinen, Jyrki"]
[Black "Sandvik, Thomas"]
[Result "1-0"]
[Section "I Division:B"]
[Board "4"]
[WhiteTeam "Lauttasaaren Suomalainen Shakkikerho"]
[BlackTeam "Shakkikerho Garde"]
[WhiteElo "2050"]
[BlackElo "2068"]

1.d4 Nf6 2.Nc3 d5 3.e4 e6 4.e5 Nfd7 5.f4 c5 6.Nf3 Nc6 7.Be3 a6 8.Qd2 b5 9.g3
Qb6 10.Ne2 f6 11.c3 cxd4 12.Bxd4 Nxd4 13.cxd4 fxe5 14.fxe5 Be7 15.Nf4 O-O
16.h4 Nb8 17.Bd3 Nc6 18.O-O-O Nb4 19.Ng5 g6 20.Nxh7 Kxh7 21.h5 Nxd3+ 22.Qxd3
Qc7+ 23.Kb1 Rf5 24.hxg6+ Kg8 25.Rh7 Qd8 26.Rdh1 Bf6 27.exf6 Qxf6 28.Rh8+ Qxh8
29.Rxh8+ Kxh8 30.Qe2 Ra7 31.Qc2 Bd7 32.Qh2+ Kg7 33.Qh7+ Kf6 34.Qh8+ 1-0

[Event "Finland Team Ch"]
[Site "Helsinki FIN"]
[Date "2017.10.22"]
[Round "4"]
[White "Miettinen, Teemu"]
[Black "Tuovinen, Jukka"]
[Result "1/2-1/2"]
[Section "I Division:B"]
[Board "5"]
[WhiteTeam "Shakkikerho Garde"]
[BlackTeam "Lauttasaaren Suomalainen Shakkikerho"]
[WhiteElo "2002"]
[BlackElo "2018"]

1.e4 e5 2.Nf3 Nc6 3.d4 exd4 4.Nxd4 Bc5 5.Nxc6 Qf6 6.Qf3 Qxf3 7.gxf3 dxc6 8.Be3
Bxe3 9.fxe3 Nf6 10.Rg1 O-O 11.Nd2 Re8 12.Bc4 Be6 13.Ke2 Rad8 14.Bxe6 Rxe6
15.Nc4 Ne8 16.Rad1 Rxd1 17.Rxd1 Rh6 18.Rh1 Nd6 19.Nd2 f6 20.c4 c5 21.Kf2 Kf7
22.Kg2 Ke6 23.Rb1 b6 24.f4 Rh5 25.a3 a5 26.Rf1 g6 27.Rb1 Kd7 28.Kg3 Ke6 29.Kg2
Kd7 1/2-1/2

[Event "Finland Team Ch"]
[Site "Helsinki FIN"]
[Date "2017.10.22"]
[Round "4"]
[White "Nyrhinen, Harri"]
[Black "Koskinen, Erkki"]
[Result "0-1"]
[Section "I Division:B"]
[Board "6"]
[WhiteTeam "Lauttasaaren Suomalainen Shakkikerho"]
[BlackTeam "Shakkikerho Garde"]
[WhiteElo "2005"]
[BlackElo "1901"]

1.e4 g6 2.d4 Bg7 3.Nc3 c6 4.Be3 d5 5.Qd2 e6 6.Nf3 b6 7.O-O-O a5 8.Bg5 Bf6 9.h4
h6 10.Bf4 Bg7 11.Re1 Ne7 12.Ne5 b5 13.f3 Nd7 14.Ng4 h5 15.Nf2 b4 16.Na4 Ba6
17.Bxa6 Rxa6 18.g4 Nc8 19.Bg5 Qc7 20.Nh3 Ncb6 21.Nxb6 Qxb6 22.Nf4 Kf8 23.Rd1
hxg4 24.fxg4 Nf6 25.Nxe6+ Kg8 26.Nxg7 Nxe4 27.Qf4 Kxg7 28.Rhf1 Ra7 29.Qe5+ Kh7
30.h5 gxh5 31.gxh5 Nxg5 32.Qxg5 Rg8 33.Qf5+ Kh8 34.Qf6+ Kh7 35.Rg1 Qd8 36.Qf5+
Kh8 37.Qe5+ f6 38.Rxg8+ Kxg8 39.Qe6+ Rf7 40.h6 Qd7 41.Rg1+ Kh7 42.Qe3 Qe7
43.Qg3 Qf8 44.Qg6+ Kh8 45.b3 Rh7 46.Rh1 Qf7 47.Qg4 Qf8 48.Qf4 Re7 49.Rf1 Rf7
50.Kb2 Qe7 51.Qg4 Qe4 52.Rf4 Qe7 53.Qc8+ Kh7 54.Qxc6 Qe1 55.Rf3 Qe4 56.Rd3 f5
57.Qc5 f4 58.Qxa5 f3 59.Qxb4 f2 60.Rd1 Qe2 61.Rc1 f1=Q 62.Rxf1 Qxf1 63.Qd6 Qf5
64.a4 Qe4 65.Qc5 Kxh6 66.a5 Kg5 67.b4 Kf4 68.b5 Qe1 69.Qxd5 Qb4+ 70.Kc1 Rf5
71.Qd7 Qxb5 72.Qc7+ Ke4 73.Qd8 Rf1+ 74.Kd2 Qb4+ 0-1

[Event "Finland Team Ch"]
[Site "Helsinki FIN"]
[Date "2017.10.22"]
[Round "4"]
[White "Järnström, Henrik"]
[Black "Kivinen, Jyrki"]
[Result "1/2-1/2"]
[Section "I Division:B"]
[Board "7"]
[WhiteTeam "Shakkikerho Garde"]
[BlackTeam "Lauttasaaren Suomalainen Shakkikerho"]
[WhiteElo "1794"]
[BlackElo "1989"]

1.Nf3 c5 2.g3 g6 3.Bg2 Bg7 4.O-O Nf6 5.d3 O-O 6.Bd2 d6 7.Nc3 Nc6 8.e4 a6 9.a4
Bd7 10.Ne1 Nd4 11.Rb1 Rb8 12.b3 b5 13.axb5 axb5 14.Ne2 Nc6 15.f4 Qc8 16.c3 b4
17.c4 Ne8 18.Kh1 f5 19.Nc2 Nf6 20.Be3 Qc7 21.Bg1 fxe4 22.dxe4 Nd8 23.Ne3 Bc6
24.Nd5 1/2-1/2

[Event "Finland Team Ch"]
[Site "Helsinki FIN"]
[Date "2017.10.22"]
[Round "4"]
[White "Sobenin, Evgeny"]
[Black "Lehtelä, Antti"]
[Result "1/2-1/2"]
[Section "I Division:B"]
[Board "6"]
[WhiteTeam "Lauttasaaren Suomalainen Shakkikerho"]
[BlackTeam "Shakkikerho Garde"]
[WhiteElo "1971"]
[BlackElo "1772"]

1.d4 d5 2.c4 e6 3.Nc3 Nf6 4.Bg5 Be7 5.e3 O-O 6.Nf3 b6 7.Be2 Bb7 8.O-O Nbd7
9.Rc1 Re8 10.h3 Ne4 11.Bxe7 Qxe7 12.Nb5 Ndf6 13.Ne5 c6 14.Nc3 Nxc3 15.Rxc3 Ne4
16.Rc2 Rac8 17.a3 f6 18.Nd3 Kh8 19.c5 b5 20.f4 Rc7 21.Qe1 Bc8 22.Bg4 a6 23.Qh4
g6 24.b3 f5 25.Qxe7 Rexe7 26.Bf3 Bd7 27.Ne5 Be8 28.Bxe4 1/2-1/2

[Event "Finland Team Ch"]
[Site "Helsinki FIN"]
[Date "2017.11.18"]
[Round "4"]
[White "Sund, Jan"]
[Black "Tuovinen, Jukka"]
[Result "1-0"]
[Section "II Division:2"]
[Board "1"]
[WhiteTeam "Vihdin Shakkikerho"]
[BlackTeam "Lauttasaaren Suomalainen Shakkikerho 2"]
[WhiteElo "2099"]
[BlackElo "2000"]

1.d4 Nf6 2.Nf3 e6 3.c4 b6 4.g3 Bb7 5.Bg2 Be7 6.Nc3 Ne4 7.O-O O-O 8.Qc2 Nxc3
9.Qxc3 f5 10.h4 Bf6 11.Bg5 Bxg5 12.Nxg5 Bxg2 13.Kxg2 h6 14.Qf3 c6 15.Nh3 Qf6
16.Rfd1 d5 17.h5 Nd7 18.Nf4 e5 19.Ng6 e4 20.Qb3 Rf7 21.cxd5 cxd5 22.Qxd5 Rd8
23.Qc4 Qg5 24.Nf4 Re8 25.Rac1 e3 26.f3 Nf6 27.Rh1 Nd7 28.Qd5 Qe7 29.Rc7 Kh7
30.Ng6 1-0

[Event "Finland Team Ch"]
[Site "Helsinki FIN"]
[Date "2017.11.18"]
[Round "4"]
[White "Aakio, Seppo"]
[Black "Kool, Kaspar"]
[Result "0-1"]
[Section "II Division:2"]
[Board "2"]
[WhiteTeam "Lauttasaaren Suomalainen Shakkikerho 2"]
[BlackTeam "Vihdin Shakkikerho"]
[WhiteElo "2002"]
[BlackElo "1891"]

1.e4 e6 2.d4 d5 3.Nc3 Nf6 4.e5 Nfd7 5.Nce2 c5 6.c3 Nc6 7.a3 b5 8.Nf4 Qb6 9.Nf3
Ba6 10.Be2 Be7 11.O-O O-O-O 12.b4 c4 13.a4 h5 14.h4 Rdg8 15.Nh3 f6 16.Be3 Qd8
17.Qd2 Kb7 18.Ra2 Nb6 19.axb5 Bxb5 20.Rfa1 a6 21.g3 Qb8 22.Bf4 Qd8 23.Bf1 Nd7
24.Re1 Nf8 25.Bg2 Qc8 26.Be3 Nh7 27.exf6 gxf6 28.Nf4 Nf8 29.Qc2 Bxb4 30.cxb4
Nxb4 31.Qb1 Nxa2 32.Qxa2 Ng6 33.Bh3 Nxf4 34.Bxf4 Re8 35.Qe2 Bd7 36.Bd6 Qc6
37.Rb1+ Ka8 38.Bc5 Rb8 39.Re1 Rb3 40.Nd2 Rb2 41.Qe3 Rhb8 42.Nxc4 R8b3 43.Nxb2
Rxe3 44.Rxe3 Qb5 45.Nd3 Qb1+ 46.Ne1 f5 47.Bf1 a5 48.Kg2 Kb7 49.Nf3 f4 50.gxf4
Qg6+ 51.Kh2 Kc7 52.Bh3 Qf6 53.Kg3 a4 54.Ng5 Qg6 55.Bf1 Qf5 56.Be2 Qb1 57.Bf3
Qg1+ 58.Bg2 Qd1 59.Nf3 Qb1 60.Bh3 Qg6+ 61.Ng5 Kb7 62.Kf3 Qb1 63.Nxe6 Qh1+
64.Ke2?? (64.Kg3) Bb5+ 65.Kd2 Qb1 66.Rc3 Qb2+ 67.Rc2 Qb3 68.Rc3 Qb2+ 69.Rc2
Qb3 70.Bg2 a3 71.Bxa3 Qd3+ 72.Kc1 Qxa3+ 73.Kd2 Bc4?? 74.Rxc4 Qa2+ 75.Rc2 Qa5+
76.Ke3?? (76.Rc3) Qe1+ 77.Kd3 Qxe6 78.Rc5?? (78.Kd2 {=}) Qg6+ 79.f5 Qxg2 80.f6
Qf3+ 81.Kc2 Qxf2+ 82.Kb3 Qxf6 83.Rb5+ Ka6 84.Rxd5 Qe6 85.Kc4 0-1

[Event "Finland Team Ch"]
[Site "Helsinki FIN"]
[Date "2017.11.18"]
[Round "4"]
[White "Alzakout, Hassan"]
[Black "Nyrhinen, Harri"]
[Result "1/2-1/2"]
[Section "II Division:2"]
[Board "3"]
[WhiteTeam "Vihdin Shakkikerho"]
[BlackTeam "Lauttasaaren Suomalainen Shakkikerho 2"]
[WhiteElo "1678"]
[BlackElo "1988"]

1.e4 c6 2.d4 d5 3.exd5 cxd5 4.Bd3 Nc6 5.Ne2 Bg4 6.f3 Bh5 7.c3 Bg6 8.O-O e6
9.Be3 Nf6 10.Re1 Bd6 11.Bg5 Qc7 12.g3 Nh5 13.Kg2 f6 14.Bxg6+ hxg6 15.Bd2 O-O-O
16.b4 e5 17.Qc2 f5 18.a4 e4 19.Na3 Qe7 20.Ng1 Nf6 21.b5 Na5 22.c4 Nxc4 23.Nxc4
dxc4 24.Qxc4+ Kb8 25.Rab1 Rc8 26.Qb3 Qd7 27.Bg5 Rhe8 28.Bxf6 gxf6 29.Qd5 Rc2+
30.Re2 Qc7 31.Re1 exf3+ 32.Qxf3 Bb4 33.Rxc2 Qxc2+ 34.Re2 Rxe2+ 35.Qxe2 Qe4+
36.Qxe4 fxe4 37.g4 Kc7 38.h4 Bd2 39.Kf2 Kd6 40.Ke2 Bh6 41.Nh3 Kd5 (41...Bc1!)
42.g5 fxg5 43.hxg5 Bxg5 44.Nxg5 Kxd4 45.a5 Kc5 46.b6 axb6 47.axb6 Kxb6 48.Nxe4
1/2-1/2

[Event "Finland Team Ch"]
[Site "Helsinki FIN"]
[Date "2017.11.18"]
[Round "4"]
[White "Kivinen, Jyrki"]
[Black "Häkkinen, Henrik"]
[Result "1-0"]
[Section "II Division:2"]
[Board "4"]
[WhiteTeam "Lauttasaaren Suomalainen Shakkikerho 2"]
[BlackTeam "Vihdin Shakkikerho"]
[WhiteElo "1994"]
[BlackElo "1672"]

1.e4 g6 2.d4 Bg7 3.c4 d6 4.Nc3 Nf6 5.f3 O-O 6.Be3 e5 7.Nge2 exd4 8.Nxd4 Bd7
9.Qd2 Nc6 10.O-O-O Nxd4 11.Bxd4 Qe8 12.g4 a6 13.g5 Nh5 14.Bxg7 Nxg7 15.Nd5 Qd8
16.h4 Be6 17.Nf6+ Kh8 18.h5 Ne8 19.hxg6 Nxf6 20.gxf6 fxg6 21.Qh6 Rf7 22.e5 Bf5
23.f4 Be4 24.Rh2 Qd7 25.Bh3 Bf5 26.Bg2 Rb8 27.Bd5 Be6 28.Rdh1 Bxd5 29.cxd5
dxe5 30.fxe5 Qxd5 31.Qxh7+ Rxh7 32.Rxh7+ Kg8 33.Rg7+ Kf8 34.Rh8+ 1-0

[Event "Finland Team Ch"]
[Site "Helsinki FIN"]
[Date "2017.11.18"]
[Round "4"]
[White "Manns, Harri"]
[Black "Vesely, Petr"]
[Result "0-1"]
[Section "II Division:2"]
[Board "5"]
[WhiteTeam "Vihdin Shakkikerho"]
[BlackTeam "Lauttasaaren Suomalainen Shakkikerho 2"]
[WhiteElo "1601"]
[BlackElo "1954"]

1.e4 d5 2.exd5 Nf6 3.Nc3 Nxd5 4.Nxd5 Qxd5 5.Nf3 Bg4 6.Be2 c6 7.O-O e6 8.h3
Bxf3 9.Bxf3 Qd8 10.b3 Be7 11.Bb2 Bf6 12.Bxf6 Qxf6 13.c4 O-O 14.Qc2 Rd8 15.Rad1
Na6 16.a3 Rd7 17.b4 Rad8 18.c5 Nc7 19.Be4 g6 20.d3 Nb5 21.Qb3 Qc3 22.Rb1 Qxb3
23.Rxb3 Nd4 24.Rb2 f5 25.f3 fxe4 26.dxe4 a6 27.Rfb1 Nb5 28.Rb3 Rd1+ 29.Rxd1
Rxd1+ 30.Kf2 Kf7 31.Ke2 Ra1 32.Ke3 Rxa3 33.Rxa3 Nxa3 34.Kd3 e5 35.h4 Ke6 36.g3
Nb5 37.f4 Nd4 38.fxe5 Kxe5 39.g4 Nf3 40.h5 Ng5 0-1

[Event "Finland Team Ch"]
[Site "Helsinki FIN"]
[Date "2017.11.18"]
[Round "3"]
[White "Ahokas, Eero"]
[Black "Siikonen, Timo"]
[Result "1/2-1/2"]
[Section "III Division:5"]
[Board "3"]
[WhiteTeam "Kirkkonummen Shakkikerho"]
[BlackTeam "Lauttasaaren Suomalainen Shakkikerho 3"]
[WhiteElo "1748"]
[BlackElo "1772"]

1.d4 f5 2.Bg5 Nf6 3.Nc3 e6 4.e4 fxe4 5.Bxf6 Qxf6 6.Nxe4 Qh4 7.Ng3 d5 8.Nf3 Qh6
9.Bd3 Bd6 10.O-O O-O 11.Qd2 Bf4 12.Qe2 Nc6 13.c3 e5 14.Nxe5 Nxe5 15.dxe5 Qg5
16.Rfe1 Bg4 17.f3 Be6 18.Nf1 Rae8 19.Kh1 Bd7 20.Qc2 g6 21.Rad1 Bxe5 22.Qf2 Bc6
23.Ng3 Qh4 24.Re2 Bxg3 25.Qxg3 Qxg3 26.hxg3 Rxe2 27.Bxe2 Re8 28.Bd3 Kg7 29.Kg1
Kf6 1/2-1/2

[Event "Finland Team Ch"]
[Site "Helsinki FIN"]
[Date "2017.12.02"]
[Round "6"]
[White "Jouhki, Yrjö Markus"]
[Black "Hurme, Harri"]
[Result "1-0"]
[Section "I Division:B"]
[Board "1"]
[WhiteTeam "Joensuun Shakkikerho"]
[BlackTeam "Lauttasaaren Suomalainen Shakkikerho"]
[WhiteElo "2303"]
[BlackElo "2264"]
[WhiteTitle "FM"]
[BlackTitle "FM"]

1.Nf3 Nf6 2.g3 g6 3.Bg2 Bg7 4.O-O O-O 5.c4 c5 6.Nc3 Nc6 7.d4 d6 8.d5 Na5 9.Nd2
a6 10.Qc2 Rb8 11.b3 b5 12.Bb2 bxc4 13.bxc4 h5 14.Nd1 e5 15.Bc3 Bd7 16.f4 Ng4
17.h3 Nh6 18.e4 exf4 19.gxf4 Re8 20.Bxg7 Kxg7 21.Qc3+ Kh7 22.e5 Bf5 23.Nf2 f6
24.exf6 Rb4 25.Rae1 Nf7 26.Be4 Rg8 27.Kh1 Nh6 28.Bc2 Rb7 29.Nfe4 Nf7 30.Ng5+
Nxg5 31.fxg5 Rf7 32.Rxf5 gxf5 33.Bxf5+ Kh8 34.Be6 Rgf8 35.Rf1 Nb7 36.Bxf7 Rxf7
37.g6 1-0

[Event "Finland Team Ch"]
[Site "Helsinki FIN"]
[Date "2017.12.02"]
[Round "6"]
[White "Havansi, Erkki"]
[Black "Hokkanen, Petri"]
[Result "1/2-1/2"]
[Section "I Division:B"]
[Board "2"]
[WhiteTeam "Lauttasaaren Suomalainen Shakkikerho"]
[BlackTeam "Joensuun Shakkikerho"]
[WhiteElo "2174"]
[BlackElo "2269"]

1.Nf3 d5 2.c4 c6 3.cxd5 cxd5 4.d4 Nc6 5.Nc3 a6 6.Bf4 Nf6 7.e3 Bf5 8.Bd3 Bxd3
9.Qxd3 e6 10.h3 Be7 11.O-O O-O 12.Ne5 Rc8 13.a3 Na5 14.b4 Nc4 15.Na4 b6
16.Rfb1 Ne8 17.Nxc4 dxc4 18.Qc2 Bd6 19.Bxd6 Nxd6 20.Nc3 f5 21.Re1 Qd7 22.Rad1
Nb5 23.Qb2 Rfd8 24.Rc1 Nc7 25.Red1 Nd5 26.Re1 b5 27.Qe2 Qc7 28.Qf3 g6 29.Qg3
Qxg3 30.fxg3 Nxc3 31.Rxc3 e5 32.dxe5 Rd3 33.Rxd3 cxd3 34.Kf2 Rc2+ 35.Kf3 Rc3
36.Kf4 Kf7 37.Rd1 Rxa3 38.e4 fxe4 39.Kxe4 Rb3 40.Kd5 Ke7 41.g4 Rxb4 42.Rxd3
Rb1 43.Ra3 b4 44.Rxa6 Rd1+ 45.Ke4 b3 46.Rb6 Rb1 47.Kd3 b2 48.Kc2 Rg1 49.Kxb2
Rxg2+ 50.Kc3 Rg3+ 51.Kd4 Rxh3 52.Rb7+ Ke6 53.Rb6+ Kd7 54.Ke4 Ke7 55.Rb7+ Ke6
56.Rb6+ Ke7 57.Rb7+ Ke6 1/2-1/2

[Event "Finland Team Ch"]
[Site "Helsinki FIN"]
[Date "2017.12.02"]
[Round "6"]
[White "Nokka, Risto"]
[Black "Saren, Ilkka"]
[Result "1/2-1/2"]
[Section "I Division:B"]
[Board "3"]
[WhiteTeam "Joensuun Shakkikerho"]
[BlackTeam "Lauttasaaren Suomalainen Shakkikerho"]
[WhiteElo "2209"]
[BlackElo "2072"]

1.d4 Nf6 2.Nf3 e6 3.e3 b6 4.Bd3 Bb7 5.O-O Be7 6.c4 O-O 7.Nc3 d5 8.b3 Nbd7
9.Bb2 c5 10.Rc1 Rc8 11.Qe2 Qc7 12.Rfd1 Qb8 13.cxd5 exd5 14.Ba6 Rfd8 15.Rc2 c4
16.Bxb7 cxb3 17.axb3 Qxb7 18.Rdc1 Bd6 19.Nd2 Bb4 20.Ndb1 a6 21.Na2 Bf8 22.Ba3
Bxa3 23.Nxa3 b5 24.Nb4 Nb6 25.Nc6 Re8 26.Nb1 h6 27.Nd2 Nc4 28.Nb4 Nb6 29.Nf3
Rxc2 30.Rxc2 Rc8 31.Ne5 Rxc2 32.Qxc2 a5 33.Nbc6 1/2-1/2

[Event "Finland Team Ch"]
[Site "Helsinki FIN"]
[Date "2017.12.02"]
[Round "6"]
[White "Heikkinen, Jyrki"]
[Black "Saastamoinen, Aarne"]
[Result "1/2-1/2"]
[Section "I Division:B"]
[Board "4"]
[WhiteTeam "Lauttasaaren Suomalainen Shakkikerho"]
[BlackTeam "Joensuun Shakkikerho"]
[WhiteElo "2062"]
[BlackElo "2068"]

1.d4 Nf6 2.f3 d5 3.e4 dxe4 4.Nc3 e3 5.Bxe3 e6 6.Bd3 Be7 7.Nge2 b6 8.Ne4 Nbd7
9.O-O O-O 10.Qe1 Bb7 11.Rd1 Nd5 12.Bd2 f5 13.Nf2 Bg5 14.Nh3 Bxd2 15.Rxd2 Qf6
16.c3 c5 17.Bb5 Rad8 18.Bxd7 (18.Nef4) Rxd7 19.dxc5 bxc5 20.Qf2 Qe7 21.Rfd1
Rfd8 22.Nc1 Nb6 23.b3 e5 24.Qe1 h6 25.Rxd7 Rxd7 26.Rxd7 Qxd7 27.Nf2 Qd6 28.Nd1
Kf7 29.Ne3 g6 30.Qe2 Kf6 31.Nd3 e4 32.Ne1 h5 33.Qf2 Kg7 34.Nf1 Qe5 35.fxe4
Bxe4 36.Qd2 Nd5 37.c4 Nf6 38.Nd3 (38...Bxd3! 39.Qxd3 Ne4) Qd4+ 39.Nf2 h4
40.Qxd4 1/2-1/2

[Event "Finland Team Ch"]
[Site "Helsinki FIN"]
[Date "2017.12.02"]
[Round "6"]
[White "Porrasmaa, Timo"]
[Black "Kauppala, Pekka"]
[Result "1/2-1/2"]
[Section "I Division:B"]
[Board "5"]
[WhiteTeam "Joensuun Shakkikerho"]
[BlackTeam "Lauttasaaren Suomalainen Shakkikerho"]
[WhiteElo "1978"]
[BlackElo "2063"]

1.d4 g6 2.Nf3 Bg7 3.c3 Nf6 4.Bg5 Ne4 5.Bf4 d5 6.Nbd2 c5 7.e3 Bg4 8.Be2 cxd4
9.cxd4 O-O 10.O-O Nc6 11.h3 Bf5 12.Rc1 Qb6 13.Qb3 Nxd2 14.Nxd2 e5 15.dxe5 Nxe5
16.Bxe5 Bxe5 17.Qxd5 Rad8 18.Qxe5 Rxd2 19.Bc4 Qxb2 20.Qxb2 Rxb2 21.Rfd1 Re8
22.Bb3 Be6 23.Bxe6 Rxe6 24.Rd7 Rf6 25.f3 b5 26.Rxa7 b4 27.Rcc7 h5 28.h4 Rf5
29.Kh1 Rf6 30.Kg1 1/2-1/2